Management fundamentals : concepts, applications, skill development /

This book is divided into five parts: Introduction; Planning skills; Organizing skills; Leading skills; and Controlling skills.

Guardat en:
Dades bibliogràfiques
Autor principal: Lussier, Robert N.
Format: Llibre
Idioma:English
Publicat: Cincinnati, OH : South-Western College, 2000.
Matèries:
Etiquetes: Afegir etiqueta
Sense etiquetes, Sigues el primer a etiquetar aquest registre!
Thư viện lưu trữ: Mạng thư viện Đại học Đà Nẵng
LEADER 01001cam a2200337 i 4500
001 000049393
003 9138
005 20051111143359.0
008 010320b2000 vm 000 eng
020 |a 032401337X 
040 |a IRC  |c IRC  |d IRC 
041 0 |a eng 
082 1 4 |a 658  |b LU-R 
100 1 |a Lussier, Robert N. 
245 0 0 |a Management fundamentals :  |b concepts, applications, skill development /  |c Robert N. Lussier. 
260 |a Cincinnati, OH :  |b South-Western College,  |c 2000. 
300 |a xxiii, 606 p. :  |b ill. ;  |c 25.5cm. 
520 3 |a This book is divided into five parts: Introduction; Planning skills; Organizing skills; Leading skills; and Controlling skills. 
630 0 4 |a Economics. 
630 0 4 |a Management. 
650 0 4 |a Management. 
OWN |a DUT 
999 |a From the UDN01 
TYP |a Monograph 
TYP |a Printed language 
980 |a Mạng thư viện Đại học Đà Nẵng